Nguyễn Tri Phương

Nguyễn Tri Phương là một trong số những nhân vật tiêu biểu của vùng đất Nam Bộ trong công cuộc chống thực dân Pháp xâm lược giữa thế kỷ XIX. Tên tuổi của ông gắn liền với trận Chí Hòa lịch sử. Cuốn sách về Nguyễn Tri Phương nhằm g...

Descripción completa

Guardado en:
Detalles Bibliográficos
Autor principal: Phan, Trần Chúc
Formato: Libro
Lenguaje:Undetermined
Publicado: Hà Nội Hồng Đức 2015
Materias:
Etiquetas: Agregar Etiqueta
Sin Etiquetas, Sea el primero en etiquetar este registro!
Thư viện lưu trữ: Trung tâm Học liệu Trường Đại học Cần Thơ
LEADER 01168nam a2200217Ia 4500
001 CTU_196737
008 210402s9999 xx 000 0 und d
020 |c 59000 
082 |a 959.7092 
082 |b Ch506 
100 |a Phan, Trần Chúc 
245 0 |a Nguyễn Tri Phương 
245 0 |c Phan Trần Chúc, Lê Quế ; Trần Đình Sơn hiệu đính 
260 |a Hà Nội 
260 |b Hồng Đức 
260 |c 2015 
520 |a Nguyễn Tri Phương là một trong số những nhân vật tiêu biểu của vùng đất Nam Bộ trong công cuộc chống thực dân Pháp xâm lược giữa thế kỷ XIX. Tên tuổi của ông gắn liền với trận Chí Hòa lịch sử. Cuốn sách về Nguyễn Tri Phương nhằm giới thiệu với bạn đọc về cuộc đời của ông: Nơi sinh trưởng, lớn lên và tham chiến trên nhiều mặt trận 
650 |a Vietnam,Việt Nam 
650 |x History,Lịch sử 
904 |i Bằng 
980 |a Trung tâm Học liệu Trường Đại học Cần Thơ